Harry Potter (3) und der Gefangene von Azkaban Quiz - Statistiken

Allgemein
  • Dieses Quiz wurde 493 mal gespielt
  • Das Durchschnittsergebnis liegt bei 10 aus 15
Antwortstatistiken
Frage Antwort % Korrekt
Wer hat Harry seinen Feuerblitz geschenkt? Sirius Black
94%
Wie viele Drehungen am Zeitumkehrer sollen laut Dumbledore genügen? 3
92%
Wieso erkennt Lupin die Karte des Rumtreibers sofort, als Snape sie ihm zeigt? Er ist einer der Ersteller
91%
Welches Tierwesen befindet sich in Lupins Büro, als Harry ihn das erste Mal besucht? Grindeloh
85%
Wie öffnet man die Karte der Rumtreibers? Karte antippen und den Spruch sagen, der die Karte öffnet
85%
Wieso kommt Snape in Lupins Büro, während Harry und Lupin Tee trinken? Um ihm den Wolfsbanntrank zu bringen
84%
Wie heißt der Besitz der Eisdiele in der Winkelgasse, in der Harry viel Zeit verbringt? Florean Fortescue
75%
Mit welchem Zauberspruch lässt sich der Geheimgang (im Buckel der Hexe) öffnen, der in den Honigtopf führt? Dissendium
70%
Welche Auszeichnung verspricht Fudge Snape dafür, dass er Sirius geschnappt hat? Den Orden des Merlin
66%
Welches von Harrys Körperteilen sieht Draco in Hogsmeade, obwohl Harry nicht befugt ist dorthin zugehen? Kopf
60%
Warum haben die Dementoren beim Spiel Ravenclaw gegen Gryffindor keinen Effekt auf Harry? Es waren verkleidete Slytherin Schüler
58%
Welcher Preis ist auf dem Preisschild in Qualität für Quidditch für den Feuerblitz ausgeschrieben? Preis auf Anfrage
54%
Wo wird Sirius gefangen gehalten, nachdem er von Snape zum Schloss gebracht wurde? 7. Stock, 13. Fenster vom Westturm aus
43%
Welchen Finger hat sich Pettigrew abgeschnitten? Kleiner Finger
43%
Wie teuer ist eine einfache Fahrt im fahrenden Ritter? 11 Sickel
34%
Keine übereinstimmenden Quizze gefunden
Verteilung der Resultate
Anzahl Personen mit jedem Resultat
Perzentil nach korrekt beantworteten Fragen
Ihre Resultats-Entwicklung
Sie haben dieses Quiz noch nicht gespielt